Statistiques concernant Massive Picture Quiz # 7 (Chanteuses internationales))

Cliquez ici pour prendre le quiz!

Statistiques générales

  • Ce quiz a été pris 167 fois
    (151 depuis la dernière actualisation)
  • Le résultat moyen est 27 sur 70

Statistiques - réponses

Réponse% Correct
Rihanna
95%
Adèle
94%
Ariana Grande
93%
Shakira
93%
Lady Gaga
92%
Pink
91%
Selena Gomez
90%
Taylor Swift
85%
Billie Eilish
81%
Britney Spears
81%
Beyoncé
79%
Dua Lipa
77%
Amy Winehouse
75%
Katy Perry
75%
Miley Cyrus
73%
Madonna
69%
Nicki Minaj
69%
Demi Lovato
65%
Sia
64%
Camila Cabello
60%
Lana Del Rey
60%
Jennifer Lopez
58%
Mariah Carey
56%
Meghan Trainor
51%
Carly Rae Jepsen
48%
Olivia Rodrigo
48%
Lorde
46%
Ava Max
44%
Janet Jackson
44%
Alicia Keys
43%
Aretha Franklin
43%
Ellie Goulding
41%
Whitney Houston
37%
Avril Lavigne
34%
Tina Turner
30%
Gwen Stefani
29%
Kylie Minogue
28%
Christina Aguilera
27%
Janis Joplin
24%
Björk
23%
Birdy
19%
Lily Allen
19%
Nina Simone
19%
Barbra Streisand
18%
Selah Sue
17%
Laura Pausini
16%
Bonnie Tyler
15%
Kelly Clarkson
15%
Tracy Chapman
15%
Cyndi Lauper
14%
Ella Fitzgerald
14%
Zara Larsson
14%
Nelly Furtado
12%
Hailee Steinfeld
11%
Alanis Morissette
10%
Lauryn Hill
10%
Amy Mcdonald
9%
Blondie
8%
Texas
7%
Fergie
6%
Gloria Estefan
6%
Norah Jones
6%
Anastacia
5%
Evanescence
5%
Natalie Imbruglia
5%
Sheryl Crow
5%
Gloria Gaynor
4%
Katie Melua
3%
The Cramberries
3%
Sara Bareilles
2%

Distribution des résultats

Percentile par nombre de réponses

% des personnes avec chaque résultat

Votre développement - résultats

Vous n’avez pas pris ce quiz depuis la dernière actualisation